Banco Interamericano de Desarrollo / (Registro nro. 12133)

Detalles MARC
000 -LEADER
fixed length control field 00958nam a2200217Ia 4500
003 - CONTROL NUMBER IDENTIFIER
control field OSt
005 - DATE AND TIME OF LATEST TRANSACTION
control field 20210804150819.0
008 - FIXED-LENGTH DATA ELEMENTS--GENERAL INFORMATION
fixed length control field 210310s1961 cl gr 000 0 spa d
040 ## - CATALOGING SOURCE
Original cataloging agency CO-JMCR
Transcribing agency CO-JMCR
041 0# - LANGUAGE CODE
Language code of text/sound track or separate title spa
082 04 - DEWEY DECIMAL CLASSIFICATION NUMBER
Classification number 332.15358 /
Item number G729b
Edition number 23
100 1# - MAIN ENTRY--PERSONAL NAME
Personal name Grez, Zuloaga, Luis,
Relator term autor
9 (RLIN) 27386
245 10 - TITLE STATEMENT
Title Banco Interamericano de Desarrollo /
Statement of responsibility, etc. Luis Grez Zuloaga
260 ## - PUBLICATION, DISTRIBUTION, ETC.
Place of publication, distribution, etc. Santiago de Chile :
Name of publisher, distributor, etc. Jurídica,
Date of publication, distribution, etc. 1961.
300 ## - PHYSICAL DESCRIPTION
Extent 133 páginas ;
Dimensions 23 cm.
505 0# - FORMATTED CONTENTS NOTE
Formatted contents note Panorama general de América Latina. -- Banco interamericano de desarrollo. -- Análisis de los artículos del convenio constitutivo del banco interamericano de desarrollo. -- Contribución Chilena. -- Convivencia de la creación del banco interamericano de desarrollo.
650 14 - SUBJECT ADDED ENTRY--TOPICAL TERM
Topical term or geographic name entry element Economía
General subdivision Banco Interamericano
9 (RLIN) 39064
650 24 - SUBJECT ADDED ENTRY--TOPICAL TERM
Topical term or geographic name entry element Historia
General subdivision Banco Interamericano
9 (RLIN) 39065
650 24 - SUBJECT ADDED ENTRY--TOPICAL TERM
Topical term or geographic name entry element Desarrollo per capital
General subdivision Banco Interamericano
9 (RLIN) 39066
942 ## - ADDED ENTRY ELEMENTS (KOHA)
Source of classification or shelving scheme Dewey Decimal Classification
Koha item type Books
Existencias
Withdrawn status Lost status Source of classification or shelving scheme Damaged status Not for loan Home library Current library Shelving location Date acquired Source of acquisition Full call number Barcode Date last seen Copy number Price effective from Koha item type
    Dewey Decimal Classification     Biblioteca Pública José María del Castillo y Rada Biblioteca Pública José María del Castillo y Rada General Stacks 04/15/2018 Donación 332.15358 / G729b 430002459 05/16/2024 Ej.1 03/10/2021 Books